LEADER 01092nam2-2200361---450- 001 990003144180203316 005 20080915111205.0 010 $a3-540-44389-4 035 $a000314418 035 $aUSA01000314418 035 $a(ALEPH)000314418USA01 035 $a000314418 100 $a20080915d2003----km-y0itay50------ba 101 $aeng 102 $aDE 105 $aa---||||001yy 200 1 $a<> Matroids, trees, stable sets$fAlexander Schrijver 210 $aBerlin [etc.]$cSpringer$dcopyr. 2003 215 $aXXXIV, 1217 p.$cill.$d24 cm 225 2 $aAlgorithms and combinatorics$v24 410 0$12001$aAlgorithms and combinatorics 461 1$1001000314412$12001$aCombinatorial optimization 606 0 $aOttimizzazione matematica 676 $a519.3 700 1$aSCHRIJVER,$bAlexander$0351376 801 0$aIT$bsalbc$gISBD 912 $a990003144180203316 951 $a519.3 SCH/B$b37287/CBS$c519.3$d00217718 959 $aBK 969 $aSCI 979 $aCBAS$b10$c20080915$lUSA01$h1112 996 $aMatroids, trees, stable sets$91016334 997 $aUNISA LEADER 04206nam 22006852 450 001 9910786214503321 005 20151005020621.0 010 $a1-107-23683-5 010 $a1-107-35776-4 010 $a1-107-34439-5 010 $a1-107-34916-8 010 $a1-107-34814-5 010 $a1-107-34564-2 010 $a1-107-34189-2 010 $a1-139-22634-7 035 $a(CKB)2670000000343994 035 $a(EBL)1139712 035 $a(SSID)ssj0000857539 035 $a(PQKBManifestationID)11515346 035 $a(PQKBTitleCode)TC0000857539 035 $a(PQKBWorkID)10867536 035 $a(PQKB)11700802 035 $a(UkCbUP)CR9781139226349 035 $a(Au-PeEL)EBL1139712 035 $a(CaPaEBR)ebr10695331 035 $a(CaONFJC)MIL494737 035 $a(OCoLC)841486723 035 $a(MiAaPQ)EBC1139712 035 $a(EXLCZ)992670000000343994 100 $a20120103d2013|||| uy| 0 101 0 $aeng 135 $aur||||||||||| 181 $ctxt$2rdacontent 182 $cc$2rdamedia 183 $acr$2rdacarrier 200 00$aAsian capitalism and the regulation of competition $etowards a regulatory geography of global competition law /$fedited by Michael W. Dowdle, John Gillespie, and Imelda Maher$b[electronic resource] 210 1$aCambridge :$cCambridge University Press,$d2013. 215 $a1 online resource (xii, 376 pages) $cdigital, PDF file(s) 300 $aTitle from publisher's bibliographic system (viewed on 05 Oct 2015). 311 $a1-107-02742-X 320 $aIncludes bibliographical references and index. 327 $gIntroduction /$rMichael W. Dowdle, John Gillespie, and Imelda Maher --$tThe regulatory geography of market competition in Asia (and beyond) : a preliminary mapping /$rMichael W. Dowdle --$tAsia and global competition law convergence /$rDavid J. Gerber --$tThe institutional structure of competition law /$rImelda Maher --$tThe cultural political economy of competitiveness, competition law, and competition policy in Asia /$rNgai-Ling Sum --$tThe complexities of competition and competitiveness : challenges for competition law and economic governance in variegated capitalism /$rBob Jessop --$tCompetition and competition law in Japan : between scepticism and embrace /$rSimon Vande Walle --$tState capitalism and the regulation of competition in China /$rWentong Zheng --$tManaging competition in socialist-transforming Asia : the case of Vietnam /$rJohn Gillespie --$tCompetition in the periphery : melamine milk adulteration as peripheral "innovation" /$rMichael W. Dowdle --$tCompetition law and the role of the state in East Asia /$rTony Prosser --$tGlobalizing competition in Asia : an evolutionary perspective /$rHenry Wai-Chung Yeung --$tAddressing the development deficit of competition policy : the role of economic networks /$rFrederic C. Deyo --$tWhither Asia? Whither capitalism? Whither global competition law? /$rMichael W. Dowdle. 330 $aAsian Capitalism and the Regulation of Competition explores the implications of Asian forms of capitalism and their regulation of competition for the emerging global competition law regime. Expert contributors from a variety of backgrounds explore the topic through the lenses of formal law, soft law and transnational regulation, and make extensive comparisons with Euro-American and global models. Case studies include Japan, China and Vietnam, and thematic studies include examinations of competition law's relationship with other regulatory terrains such as public law, market culture, regulatory geography and transnational production networks. 517 3 $aAsian Capitalism & the Regulation of Competition 606 $aAntitrust law$zAsia 606 $aCapitalism$zAsia 606 $aRestraint of trade$zAsia 615 0$aAntitrust law 615 0$aCapitalism 615 0$aRestraint of trade 676 $a343.507/21 702 $aDowdle$b Michael W. 702 $aGillespie$b John$g(John Stanley), 702 $aMaher$b Imelda 801 0$bUkCbUP 801 1$bUkCbUP 906 $aBOOK 912 $a9910786214503321 996 $aAsian capitalism and the regulation of competition$93780689 997 $aUNINA